Prueba de Lugo - Estadísticas

Estadísticas generales
  • Esta prueba ha sido intentada 34 veces
  • La puntuación promedio es 8 de 16
Estadísticas de respuestas
Pregunta Respuesta % Correcto
Construcción romana que atraviesa la capital. Muralla
100%
Mar que baña la costa lucense Cantábrico
80%
Nombre que los romanos dieron a la capital. Lucus Augusti
76%
Segunda localidad más poblada de la provincia. Monforte de Lemos
76%
Principal río de la comunidad autónoma, nace en la provincia de Lugo, recorriendo también la misma. Miño
72%
Playa famosa a nivel internacional por sus majestuosos acantilados, declarada monumento natural. Playa de Las Catedrales
72%
Una de las localidades más pobladas de la provincia, punto de partida habitual para quienes inician el Camino de Santiago en Galicia dado que se encuentra a 100 km de la catedral. Sarria
72%
Se trata de la provincia con mayor número de hablantes (en porcentaje sobre la población provincial) de este idioma. Gallego
64%
Sistema montañoso que separa Lugo de León. Sierra de Ancares
48%
Actriz nacida en Villalba, conocida por series como La Que Se Avecina, Al Salir de Clase o Toy Boy. Cristina Castaño
44%
Pequeña localidad de montaña famosa por sus "leyendas milagrosas" y por ser la primera parada en Galicia del Camino de Santiago O Cebreiro
40%
Actor y cantante nacido en Cospeitio, ganador en tres ocasiones del premio Goya y siendo uno de los actores que acumula más nominaciones a dicho premio. Luis Tosar
36%
Ex futbolista nacido en Paradela. Jugó en clubes como Real Madrid, Villarreal o Milan y debutó con la selección española absoluta. Diego López
28%
Periodista, locutora y presentadora nacida en Monforte de Lemos; una de las voces más icónicas de la radio española. Julia Otero
24%
Producto lácteo ahumado típico de la provincia. Queso San Simón
16%
Expresión gallega típica de Lugo que manifiesta agradecimiento o fortuna. Ben deitache
0%
No se encontraron pruebas coincidentes
Distribución de puntuación
Porcentaje de gente con cada puntuación
Porcentaje por número respondido
Historial de tus puntuaciones
No has intentado esta prueba.